It Never Happened! Quiz Stats

Quiz Updated Apr 14, 2017

Also try: Odd But True Facts
Challenge
Share
Tweet
Embed
Score 0/20 Timer 05:00
2 Plays Today
Question Answer Wrong Answers
Michelangelo never made a sculpture of... William Shakespeare
67.5%
Brutus
10.1%
Bacchus
6.8%
Saint Peter
7.1%
Jane Austen didn't write... Middlemarch
56.7%
Emma
10.7%
Persuasion
14.2%
Mansfield Park
16.2%
The poet laureateship of the United Kingdom was never awarded to... Sylvia Plath
38.1%
William Wordsworth
26.9%
Ted Hughes
13.2%
Carol Ann Duffy
14.3%
The Harry Potter books have never been translated into... Vogon
37.9%
Ancient Greek
39.3%
Occitan
11.2%
Khmer
11.2%
Tintin never had an adventure... In Ireland
37.1%
On the moon
20.9%
In Tibet
11.5%
In Syldavia
27.4%
The Roman Empire never reached as far as present-day... Ethiopia
36.8%
Luxembourg
10.9%
Azerbaijan
21.7%
Russia
30.2%
The Cricket World Cup has never been won by... England
36.3%
West Indies
21.5%
Sri Lanka
21.4%
Pakistan
12.7%
Space has never been visited by... A pig
33.5%
A frog
12%
A fruit fly
12.6%
A tortoise
34.2%
The number one spot on the Billboard Hot 100 has never been occupied by... Bruce Springsteen
31.3%
Aretha Franklin
18%
Lauryn Hill
25.4%
Eric Clapton
23.5%
Meryl Streep has never played... Virginia Woolf
29.6%
Bart Simpson's girlfriend
22.1%
A rabbi
31%
The queen of an ant colony
12.9%
The championship game of the FIFA World Cup has never been contested by... France and Netherlands
27%
Argentina and Uruguay
15.7%
Brazil and Czechoslovakia
30.9%
Hungary and West Germany
19.8%
The CIA never plotted to... Infect the Soviet embassy in Washington with bed bugs
26.9%
Put microphones in cats to spy on Soviet operatives
17.2%
Replace one of Fidel Castro's cigars with an exploding cigar
15.4%
Cause Fidel Castro's hair to fall out
34.7%
The FIFA Women's World Cup has never been won by... Brazil
26.9%
Japan
29.3%
Norway
34.7%
Germany
8.5%
No cover of the Beatles song 'Yesterday' was ever recorded by... Stevie Wonder
22.8%
Plácido Domingo
18.1%
Boyz II Men
22.3%
The Supremes
31.6%
Shakespeare didn't coin the word... Sentient
22.7%
Addiction
26.5%
Zany
26.6%
Swagger
19.5%
The Best Picture Oscar has never been given to a movie directed by... Ang Lee
22.3%
Alfred Hitchcock
49.6%
Kathryn Bigelow
8.6%
Norman Jewison
18.4%
No US state has a law against... Drinking alcohol between noon and 1 PM
19.5%
Keeping an ice cream cone in your back pocket on a Sunday
22.5%
Sleeping in a cheese factory
22.2%
Mispronouncing the name of the state
33.2%
No Olympic gold medal has ever been awarded to... Iceland
19.3%
Hong Kong
28.3%
Tajikistan
25%
Fiji
23.3%
Queen Elizabeth II of the United Kingdom has never been portrayed onscreen by... Judi Dench
19%
Mike Myers
23.2%
Claire Foy
20.6%
Prunella Scales
33.6%
Ikea has never released a product named... Oskar
18%
Alex
35.5%
Sofia
21.8%
Berta
17.8%

You're not logged in!

Compare scores with friends on all Sporcle quizzes.
Sign Up with Email
OR
Log In

You Might Also Like...

Show Comments

Extras

Top Quizzes Today


Score Distribution

Your Account Isn't Verified!

In order to create a playlist on Sporcle, you need to verify the email address you used during registration. Go to your Sporcle Settings to finish the process.